Growth for construction in 2000. (Record no. 60822)
[ view plain ]
| 000 -LEADER | |
|---|---|
| fixed length control field | 00593cam a2200169 4500 |
| 001 - CONTROL NUMBER | |
| control field | ABS61132 |
| 008 - FIXED-LENGTH DATA ELEMENTS--GENERAL INFORMATION | |
| fixed length control field | 000000n1999 000 0 eng u |
| 035 ## - SYSTEM CONTROL NUMBER | |
| System control number | (Sirsi) u101697 |
| 100 ## - MAIN ENTRY--PERSONAL NAME | |
| Personal name | Cannon, J. |
| 245 ## - TITLE STATEMENT | |
| Title | Growth for construction in 2000. |
| 260 ## - PUBLICATION, DISTRIBUTION, ETC. | |
| Date of publication, distribution, etc. | 1999 |
| 490 ## - SERIES STATEMENT | |
| Series statement | Building Intelligence |
| Volume/sequential designation | August 1999, 4-5(2) |
| 520 ## - SUMMARY, ETC. | |
| Summary, etc. | Presents the conclusions of the Euroconstruct conference held in Prague in June 1999. Experts predicted a positive start to the millennium for European construction companies. |
| 650 ## - SUBJECT ADDED ENTRY--TOPICAL TERM | |
| Topical term or geographic name entry element | BUILT ENVIRONMENT |
| 690 ## - LOCAL SUBJECT ADDED ENTRY--TOPICAL TERM (OCLC, RLIN) | |
| Topical term or geographic name as entry element | OVERSEAS-EUROPE |
| 942 ## - ADDED ENTRY ELEMENTS (KOHA) | |
| Suppress in OPAC | 0 |
| Withdrawn status | Lost status | Source of classification or shelving scheme | Damaged status | Not for loan | Home library | Current library | Shelving location | Date acquired | Total Checkouts | Full call number | Barcode | Date last seen | Copy number | Price effective from | Koha item type |
|---|---|---|---|---|---|---|---|---|---|---|---|---|---|---|---|
| Dewey Decimal Classification | London | London | Journal article | 09/11/1999 | ABS61132 | 101697-1001 | 06/08/2019 | 1 | 06/08/2019 | Journal article |